000 00665nam a22001817a 4500
003 UA-OsUOA
001 11132
007 ta
008 20050227b un ||||| |||| 00| 0 ukr d
100 _aЧервоній В.
942 _cSA
040 _aUA-OsUOA
_cUA-OsUOA
_dUA-OsUOA
245 _aПрес-конференція Василя Червонія
_b[Василь Червоній провів для ж-стів свою першу прес-конференцію як голова обл. адмін.]
300 _aС.3
955 _a0
773 0 _w0
_tВільне слово
_dРівне
_d2005
_g№16/23 лют./
650 7 _aВиконавча влада
_2UDC
999 _c297293
_d297293